000 00664nam a22001937a 4500
005 20251108172007.0
008 250721s1995 xx 000 0 ara d
082 1 4 _a811.0609/فار
100 1 _aإبن الفارض، أبو القاسم عمر بن علي بن المرشد
245 1 0 _aديوان إبن الفارض /
264 1 _aالقاهره :
_bعين للدراسات و البحوث الإنسانية و الإجتماعية،
_c1995.
300 _a399ص
650 1 7 _aشعر التصوف
650 1 7 _aالتاريخ
650 1 7 _aالنقد
700 1 _aمحمود، عبد الخالق
_eتحقيق
942 _2ddc
_cBK
999 _c67809
_d67809